VDA 6.3 : Audit procesu

Guardado en:
Detalles Bibliográficos
Formato: Libro
Lenguaje:checo
Publicado: Praha Česká společnost pro jakost 2016
Edición:3. vyd.
Materias:
Etiquetas: Agregar Etiqueta
Sin Etiquetas, Sea el primero en etiquetar este registro!

MARC

LEADER 00000nam a22000003a 4500
001 0095327
003 SK-STU
005 20220519084448.6
007 ta
008 220519s ----xo-----e------000-0-----d
020 |a 978-80-02-02727-0 
022 |a 0943-9412 
040 |a STU  |b slo 
041 0 |a cze 
044 |a xr 
245 1 0 |a VDA 6.3 :  |b Audit procesu 
250 |a 3. vyd. 
260 |a Praha  |b Česká společnost pro jakost  |c 2016 
300 |a 204 s. 
650 0 7 |a automobilový priemysel 
650 0 7 |a manažment kvality 
996 |b 284M089061  |c M* 14 635-1  |l MMKN  |s A  |a 24  |w 0095327_0001